EVERY Extreme Demon Starting With B in Geometry Dash - Statistics

General Stats
  • This quiz has been taken 13 times
  • The average score is 27 of 71
Answer Stats
Creator Type Answer % Correct
Riot Classic Bloodbath
100%
Knobbelboy Classic Bloodlust
90%
Akunakunn Classic BOOBAWAMBA
70%
DanZmeN Classic Bang Gang
60%
Akunakunn Classic Based After Based
60%
Alphirox Classic Based Gang
60%
bloodshot Classic Bass Cave
60%
MikeWheelerFan Classic BBBBBBBBBBBBBBBBBBBB
60%
KrmaL Classic Black Blizzard
60%
Manix648 Classic Blade of Justice
60%
lTemp Classic Balengu Vortex
50%
LP44 Classic Bangarang
50%
Pennutoh Classic Bausha Vortex
50%
cherryteam Classic Belladonna
50%
TrusTa Classic Berserk
50%
Zanna83 Classic Betelgeuse
50%
Inex Classic BPATA MPAKA
50%
Surv Classic Breakout
50%
iIShadowIi Platformer Breakout
50%
Galaxxyss Classic BEELINE
40%
Sminx Classic Belloq
40%
Splash Classic Betrayal of Destiny
40%
weoweoteo Classic Betrayal of Fate
40%
NEKONGAMES Classic Black Flag
40%
whlt Classic BLACKLIGHTS
40%
Digitalzero Classic Boogie
40%
Bordonn Classic Bordon Factory
40%
ZeroSR Classic boson
40%
Zafkiel7 Classic Brain Power
40%
plxzTM Classic BRAINWASH
40%
Waivve Classic Breakout Redux
40%
MadisonYuko Classic Brimtanic Paradise
40%
Grax Classic Broken Signal
40%
Zeronium Classic Budding Roses
40%
THEREALXFUTURE Classic BURNOUT
40%
JonathanGD Classic BuTiTi III
40%
Gablor Classic BuZzKiLl
40%
AlrexX Classic BYE
40%
kodex360 Classic Backlights
30%
Moffe Classic Barbaros Finale
30%
awesomeme360 Classic BarbarosFinaleFinale
30%
ZeroSR Classic Basil
30%
BaimDaKing Classic Begin
30%
Turtl123 Classic BEING HOME
30%
ThePurgatory Classic Bete Noire
30%
ARtu Classic Biohazard
30%
Mattsstuff Classic Biohazard
30%
SleyGD Classic Bitcrusher
30%
Farva Classic Blood Echo
30%
charifma Classic BOINKERS
30%
Ka1sa Classic Booh
30%
DiamondDemon935 Classic Boreas
30%
DracoZeon Classic Bored Walk
30%
InfernuZ Classic BRAINROT
30%
robotchief Classic BRKMGB8GJCZ
30%
ArtaxFerSarh Classic BROWNOIX
30%
SouljaBoyCrankD Classic Bruno Mars
30%
crazyllama Classic burn to dust
30%
IronIngot Classic Ballistic Funk
20%
fakeblast Classic Beyond Hell
20%
GDSkele Classic BLIND
20%
lappwv Platformer Bouncy Ball
20%
wabas Classic BRITNEY NO SCLEARS
20%
NDagger Platformer Beatpulse
10%
MCres Classic Beyond the summit
10%
23jabeln Platformer Bimu
10%
Bimms Classic BIRD MACHINE LANDS
10%
DavidConcal Platformer Blocktober Casino
10%
zodycoder Classic Bloom
10%
IceboxOG Classic Blue Suns Zenith
10%
Azuvy Classic BOOST
10%
No matching quizzes found
Score Distribution
Percent of People with Each Score
Percentile by Number Answered
Your Score History
You have not taken this quiz